Sports Quiz

Random Sports Quiz
Score 0/46 Timer 08:00
0 Plays Today
Hint Player % Correct
RichmondDustin Martin
96.3%
GWSJeremy Cameron
90.4%
RichmondTrent Cotchin
89.9%
GWSLeon Cameron
89.9%
RichmondJack Riewoldt
89%
RichmondDamien Hardwick
89%
RichmondDylan Grimes
86.7%
RichmondMarlion Pickett
84.9%
GWSToby Greene
82.6%
RichmondTom Lynch
82.1%
RichmondBachar Houli
81.2%
RichmondToby Nankervis
81.2%
GWSPhil Davis
81.2%
RichmondDion Prestia
80.7%
GWSShane Mumford
79.8%
RichmondDaniel Rioli
79.4%
RichmondIvan Soldo
76.1%
GWSLachie Whitfield
69.7%
RichmondJason Castagna
68.8%
RichmondBrandon Ellis
68.3%
RichmondShane Edwards
68.3%
GWSJeremy Finlayson
66.1%
RichmondNick Vlastuin
64.7%
Hint Player % Correct
RichmondDavid Astbury
63.8%
RichmondJosh Caddy
63.8%
GWSHarry Himmelberg
63.8%
GWSJosh Kelly
62.4%
RichmondNathan Broad
60.6%
GWSNick Haynes
60.6%
GWSTim Taranto
59.6%
GWSHeath Shaw
59.2%
GWSZac Williams
57.8%
RichmondKane Lambert
55%
RichmondLiam Baker
54.1%
RichmondJayden Short
53.2%
RichmondShai Bolton
50.9%
GWSJacob Hopper
50.9%
GWSBrent Daniels
48.6%
GWSAdam Tomlinson
45%
GWSSam Taylor
43.1%
GWSSam Reid
38.5%
GWSMatt de Boer
36.7%
GWSAidan Corr
34.9%
GWSAdam Kennedy
31.7%
GWSDaniel Lloyd
31.7%
GWSHarry Perryman
28%

You're not logged in!

Compare scores with friends on all Sporcle quizzes.
OR
Log In

Sporcle TV

Today on Sporcle TV


Watch our educational content, quiz creation guides, and fun videos on Sporcle TV.

Show Comments

Extras

Top Quizzes Today


Score Distribution

Paid Content

Your Account Isn't Verified!

In order to create a playlist on Sporcle, you need to verify the email address you used during registration. Go to your Sporcle Settings to finish the process.

Report this User

Report this user for behavior that violates our Community Guidelines.

Details: